000 00350nam a2200157Ia 4500
001 10620
003 GE_BSU
008 181216s||||||||xx |||||||||||||| ||und||
040 _cGE_BSU
245 _aParis Match, du 3 au 9 juillet №3398 2014.
245 _b№3398
260 _c2014.
300 _a123p.29cm.
653 _aParis Match
942 _cCR
999 _c43871
_d43871